000 00744nam a2200289Ia 4500
005 20260324114143.0
008 008 260324s9999 xx 000 0 eng d
020 _a9781003327868
037 _aEBOOK
040 _aCRL
040 _beng
040 _cCRL
041 _2eng
041 _aeng
084 _qCRL
100 _aChristine Yvette Tardif-Williams; John-Tyler Binfet
_91149643
245 0 _aVirtual Human-Animal Interactions
245 0 _bSupporting Learning, Social Connections and Well-being
260 _bTaylor and Francis
260 _c2023
365 _a
365 _b230
856 _uhttp://www.taylorfrancis.com/books/9781003327868
942 _cEBOOK
999 _c1739670
_d1739670